000
00299nam a2200133Ia 4500
008
150301s2015 xx 000 0 und d
082
_a
615.19
_b
P15R
100
_a
RAJE, V.N
245
_a
PHARMACEUTICS -|
260
_b
CBS- DELHI
300
_a
168
650
_a
PHARMACEUTICS
942
_2
ddc
_c
BK
_0
11
999
_c
7265
_d
7265